00822nam a22002057a 4500003000900000008004100009040007100050082001700121100001900138245003100157260003500188300004500223440003400268505022200302650001500524650002000539650001300559650002400572700002000596AR-CdUCM190308b ||||| |||| 00| 0 spa d aMUNICIPALIDAD PROVINCIAL DEL CUSCOcBIBLIOTECA MUNICIPAL DEL CUSCO a745.2 /bH89 aHuisman, Denis aLa estética industrial / aBarcelona :bOikos-tau,c1971. a125 páginas ;bilustraciones ;c18 cm. aColección ¿qué sé?n23 aContenido: Origen de la estética industrial o la estética en formación -- Teoría de la estética industrial o el debate de la estética -- Práctica de la estética industrial o la estética en acción. aEstética aArte industrial aHistoria aDiseño industrial aPatrix, Georges